[Event "54. Miedzynarodowy Festiwal Szachowy im. Akiby Rubinsteina<br/>OPEN A "]
[Site "Polanica-Zdroj"]
[Date "1899-12-30"]
[Round "6.31"]
[White "Skiba, Aleksandra"]
[Black "Kucharski, Bartlomiej"]
[Result "0-1"]
[WhiteTitle "I+"]
[BlackTitle "I+"]
[WhiteElo "1625"]
[BlackElo "1938"]

1. e4 e5 2. Nf3 d6 3. d4 Nd7 4. Bc4 c6 5. O-O Be7 6. Nc3 Ngf6 7. a4 O-O 8. Be3
Qc7 9. Bb3 b6 10. Re1 a6 11. Ng5 h6 12. Nh3 Rb8 13. f4 b5 14. axb5 axb5 15. Nf2
Re8 16. Qf3 b4 17. Ne2 c5 18. fxe5 dxe5 19. d5 c4 20. Ba4 Bc5 21. Bxc5 Qxc5 22.
Ng3 g6 23. Kh1 Rf8 24. Rf1 Qd6 25. h3 Nc5 26. Bc6 h5 27. Ne2 Kg7 28. g4 hxg4 29.
hxg4 Bd7 30. Bxd7 Nfxd7 31. Kg2 b3 32. c3 Ra8 33. Rxa8 Rxa8 34. Rh1 f6 35. Qh3
Nf8 36. Qh8+ Kf7 37. Rh7+ Nxh7 38. Qxa8 Nd3 39. Qb7+ Qe7 40. Qxe7+ Kxe7 41. Nd1
Nf8 42. Ng1 Nd7 43. Nf3 Kd6 44. Nd2 Kc5 45. Kf3 Kb5 46. Ke3 N7c5 47. d6 Ne1 48.
Ke2 Ned3 49. Ke3 g5 50. d7 Nxd7 51. Nxb3 Nxb2 52. Nxb2 cxb3 53. Kd3 Nc5+ 54. Ke3
Na4 55. c4+ Kb4 56. c5 Nxb2 57. c6 Nc4+ 58. Kd3 Nd6 0-1

[Event "54. Miedzynarodowy Festiwal Szachowy im. Akiby Rubinsteina<br/>OPEN A "]
[Site "Polanica-Zdroj"]
[Date "1899-12-30"]
[Round "6.32"]
[White "Sacharewicz, Krzysztof"]
[Black "Jablonski, Miroslaw"]
[Result "0-1"]
[WhiteTitle "I++"]
[BlackTitle "I++"]
[WhiteElo "1775"]
[BlackElo "1915"]

1. e4 e5 2. Nf3 Nc6 3. Bc4 Nf6 4. d3 Be7 5. Nc3 d6 6. h3 O-O 7. O-O Na5 8. Bb3
Nxb3 9. axb3 c5 10. Bg5 Be6 11. Qd2 h6 12. Bh4 Nh5 13. Bxe7 Qxe7 14. Ne2 f5 15.
exf5 Rxf5 16. Ng3 Rxf3 17. Nxh5 Rf7 18. Ng3 g5 19. b4 b6 20. bxc5 bxc5 21. Qe3
Rf4 22. Ne2 Rh4 23. Ra6 g4 24. Qe4 Rf8 25. Qg6+ Kh8 26. Rfa1 Rg8 27. Rxa7 Rxg6
28. Rxe7 gxh3 29. Ra8+ Bg8 30. g3 h2+ 31. Kh1 Rh5 32. f4 Rg7 33. Re6 Ra7 34. Ree8
Rxa8 35. Rxa8 Kg7 36. c4 Be6 37. fxe5 dxe5 38. Ra5 Bh3 39. Kxh2 Bf1+ 40. Kg1 Bxe2
41. Rxc5 Bxd3 42. b4 Rg5 43. Kf2 Rg4 44. Rxe5 Rxc4 45. Rd5 Bg6 46. Rd7+ Bf7 47.
b5 Rb4 48. Rb7 Rb3 49. b6 h5 50. g4 hxg4 51. Rd7 Rxb6 52. Kg3 Kf6 0-1

[Event "54. Miedzynarodowy Festiwal Szachowy im. Akiby Rubinsteina<br/>OPEN A "]
[Site "Polanica-Zdroj"]
[Date "1899-12-30"]
[Round "6.33"]
[White "Gospodarczyk, Wojciech"]
[Black "Konieczynski, Piotr"]
[Result "1/2-1/2"]
[WhiteTitle "II"]
[BlackTitle "I++"]
[WhiteElo "1523"]
[BlackElo "1897"]

1. Nf3 d5 2. e3 Nf6 3. c4 c5 4. cxd5 Nxd5 5. Nc3 Nc7 6. Bc4 e6 7. b3 Be7 8. Bb2
O-O 9. O-O Nc6 10. Ne4 b6 11. d4 cxd4 12. Nxd4 Bb7 13. Qg4 Ne5 14. Qg3 Ng6 15.
Nc3 Nd5 16. Nxd5 Bxd5 17. Bxd5 Qxd5 18. Rac1 Bd6 19. Qf3 Qxf3 20. Nxf3 Rfc8 21.
Rfd1 Rxc1 22. Bxc1 Rd8 23. Kf1 h6 24. Ba3 Bc7 25. Rxd8+ Bxd8 26. Bb2 Bc7 27. Ke2
f6 28. Kd3 Kf7 29. Kc4 a6 30. Bc3 Ke7 31. a4 Kd7 32. b4 Ne7 33. e4 Nc8 34. h3
Nd6+ 35. Kd3 e5 36. Nd2 b5 37. axb5 axb5 38. f3 g6 39. Bb2 Nf7 40. Nb1 Bd6 41.
Ba3 Ng5 42. Nc3 Kc6 43. Nd5 Ne6 44. Nxf6 Nf4+ 45. Kd2 Nxg2 46. Nd5 Nf4 47. Nxf4
exf4 48. Kd3 Be5 49. Bc1 Kd6 50. Bd2 Ke6 51. Bc3 Bxc3 52. Kxc3 Ke5 53. Kd3 g5
54. Kc3 h5 55. Kd3 h4 56. Kc3 g4 57. fxg4 Kxe4 58. Kd2 f3 59. Kd1 Kd4 60. Ke1
Ke5 61. Kf1 Ke4 62. Kf2 Kf4 63. Kf1 1/2-1/2

[Event "54. Miedzynarodowy Festiwal Szachowy im. Akiby Rubinsteina<br/>OPEN A "]
[Site "Polanica-Zdroj"]
[Date "1899-12-30"]
[Round "6.34"]
[White "Derylo, Kamil"]
[Black "Jankowiak, Tomasz"]
[Result "0-1"]
[WhiteTitle "I"]
[BlackTitle "k"]
[WhiteElo "1833"]
[BlackElo "2117"]

1. e4 c5 2. Nf3 d6 3. d4 cxd4 4. Nxd4 Nf6 5. Nc3 a6 6. g3 e5 7. Nb3 Be7 8. Bg2
Be6 9. O-O O-O 10. Re1 b5 11. a3 Nbd7 12. Nd2 Nb6 13. Nf1 Qc7 14. Bg5 Nc4 15.
Qc1 Rfd8 16. Ne3 Nxe3 17. Qxe3 Ng4 18. Qd2 Bxg5 19. Qxg5 Qc5 20. Qd2 a5 21. h3
Nf6 22. a4 b4 23. Nd1 Nd7 24. Ne3 Rac8 25. Rad1 Nb6 26. b3 f6 27. Bf1 Kf8 28.
Bg2 Rd7 29. Qd3 Rcd8 30. Rd2 Nc8 31. Red1 Ne7 32. Bf1 d5 33. exd5 Nxd5 34. Qxh7
Nxe3 35. Rxd7 Rxd7 36. Rxd7 Bxd7 37. fxe3 Qxe3+ 38. Kh1 Bc6+ 39. Bg2 Qe1+ 40.
Kh2 Qf2 0-1

[Event "54. Miedzynarodowy Festiwal Szachowy im. Akiby Rubinsteina<br/>OPEN A "]
[Site "Polanica-Zdroj"]
[Date "1899-12-30"]
[Round "6.35"]
[White "Jedynak, January"]
[Black "Ochmann, Reimund"]
[Result "0-1"]
[WhiteTitle "I+"]
[BlackTitle ""]
[WhiteElo "1827"]
[BlackElo "2009"]

1. e4 e5 2. Bc4 Nf6 3. d3 d5 4. exd5 Nxd5 5. Nf3 Nc6 6. O-O Be7 7. Re1 f6 8. d4
Bg4 9. dxe5 Ndb4 10. Bd2 Nxe5 11. Bb3 Nbc6 12. h3 Bxf3 13. gxf3 Nd4 14. Re3 Nxb3
15. axb3 Qd7 16. f4 Nc6 17. Nc3 O-O-O 18. Rd3 Qf5 19. Be3 a6 20. Nd5 Rd7 21. Qd2
Rhd8 22. Rd1 Qxh3 23. c4 Qg4+ 24. Kf1 Bf8 25. Bb6 Nb4 26. Rc3 Bd6 27. Be3 Nxd5
28. cxd5 Bb4 29. Rdc1 Bxc3 30. Qxc3 Qh3+ 31. Kg1 Qg4+ 32. Kf1 Qf5 33. d6 c6 34.
Bb6 Qb5+ 0-1

[Event "54. Miedzynarodowy Festiwal Szachowy im. Akiby Rubinsteina<br/>OPEN A "]
[Site "Polanica-Zdroj"]
[Date "1899-12-30"]
[Round "6.36"]
[White "Mirski, Michal"]
[Black "Tsesler, Yakau"]
[Result "1-0"]
[WhiteTitle "I"]
[BlackTitle ""]
[WhiteElo "1981"]
[BlackElo "1709"]

1. e4 c5 2. Nc3 a6 3. Nge2 e6 4. d4 cxd4 5. Nxd4 d6 6. Bd3 Nf6 7. O-O Be7 8. Qe2
b5 9. a3 Bb7 10. Bd2 Nbd7 11. Rae1 O-O 12. Kh1 Nc5 13. f4 Re8 14. Rf3 d5 15. e5
Nfe4 16. Rh3 g6 17. Bxe4 Nxe4 18. Nxe4 dxe4 19. Be3 Bd5 20. c3 Rc8 21. Nc2 Bc4
22. Qf2 Qd7 23. g4 Qb7 24. f5 exf5 25. gxf5 Qd5 26. f6 Bf8 27. Qh4 h5 28. Qxh5
gxh5 29. Rg1+ Bg7 30. Rxg7+ Kf8 31. Rh7 Qd1+ 32. Ne1 Kg8 33. R7xh5 Qxh5 34. Rxh5
Be2 35. Rg5+ Kh8 36. Kg2 Rg8 37. h4 Rxg5+ 38. hxg5 Kh7 39. Kf2 Bf3 40. Nxf3 exf3
41. Kxf3 Rc4 42. Bd4 Kg6 43. Kf4 a5 44. Ke4 a4 45. Kd5 Kxg5 46. e6 fxe6+ 47. Kxe6
Kf4 48. Kd7 1-0

[Event "54. Miedzynarodowy Festiwal Szachowy im. Akiby Rubinsteina<br/>OPEN A "]
[Site "Polanica-Zdroj"]
[Date "1899-12-30"]
[Round "6.37"]
[White "Trusz, Julia"]
[Black "Maciejewski, Kamil"]
[Result "0-1"]
[WhiteTitle "I+"]
[BlackTitle "I"]
[WhiteElo "1684"]
[BlackElo "1886"]

1. e4 e6 2. d3 c5 3. Nd2 Nc6 4. Ngf3 d6 5. g3 g6 6. Bg2 Bg7 7. O-O Nge7 8. c3 O-O
9. Re1 Rb8 10. Nf1 b5 11. Nh4 b4 12. Qc2 Qb6 13. Ne3 Ba6 14. f4 bxc3 15. bxc3
Nb4 16. Qd2 Nxd3 17. Rd1 Qa5 18. Bf1 Bxc3 19. Qc2 Bxa1 20. Bxd3 Bxd3 21. Rxd3
Bd4 22. Kg2 Nc6 23. a3 Qb5 24. Nc4 Qb1 25. Qxb1 Rxb1 26. Rd1 Rfb8 27. Nf3 Bb2
28. Nxb2 R8xb2+ 29. Bxb2 Rxd1 30. Kf2 Nd4 0-1

[Event "54. Miedzynarodowy Festiwal Szachowy im. Akiby Rubinsteina<br/>OPEN A "]
[Site "Polanica-Zdroj"]
[Date "1899-12-30"]
[Round "6.38"]
[White "Wieczorek, Mikolaj"]
[Black "Chmiel, Piotr"]
[Result "0-1"]
[WhiteTitle "I"]
[BlackTitle "I+"]
[WhiteElo "1757"]
[BlackElo "1865"]

1. e4 e6 2. d4 d5 3. Nd2 Nf6 4. e5 Nfd7 5. Bd3 c5 6. c3 Nc6 7. Ndf3 cxd4 8. cxd4
Qb6 9. Ne2 f6 10. exf6 Nxf6 11. O-O Bd6 12. Bf4 Bxf4 13. Nxf4 O-O 14. Re1 Ne4
15. Bxe4 Rxf4 16. Bd3 Nxd4 17. Nxd4 Qxd4 18. g3 Qxf2+ 19. Kh1 Qf3+ 20. Qxf3 Rxf3
21. Bb5 a6 22. Ba4 b5 23. Bb3 Kf7 24. Rac1 Kf8 25. Kg2 Rf7 26. Re5 a5 27. Rce1
Bd7 28. Bc2 g6 29. Bd3 Ke7 30. Kg1 Kd6 31. Bf1 Rc8 32. Bh3 Rf6 33. g4 h6 34. g5
hxg5 35. Rxg5 Rc2 36. Rg2 Rxg2+ 37. Kxg2 Bc6 38. Kg3 d4 39. Kg4 Rf2 40. Kg3 Rf3+
41. Kg4 e5 42. Bg2 Rf4+ 43. Kg3 Bxg2 44. Kxg2 g5 45. Kg3 Kd5 46. Rc1 d3 47. Rc8
e4 48. Rd8+ Kc4 49. h4 Rxh4 50. Kf2 Rh2+ 51. Ke1 e3 52. Rc8+ Kd4 53. Rd8+ Ke4
54. Re8+ Kf4 55. Rf8+ Kg4 56. Rd8 Rh1# 0-1

[Event "54. Miedzynarodowy Festiwal Szachowy im. Akiby Rubinsteina<br/>OPEN A "]
[Site "Polanica-Zdroj"]
[Date "1899-12-30"]
[Round "6.39"]
[White "Witwicki, Pawel"]
[Black "Wasylkiewicz, Andrzej"]
[Result "1-0"]
[WhiteTitle "I+"]
[BlackTitle "I"]
[WhiteElo "1854"]
[BlackElo "1816"]

1. d4 d5 2. Nf3 c6 3. c4 e6 4. cxd5 exd5 5. Bg5 Be7 6. Bxe7 Qxe7 7. Qc2 Nf6 8.
Nc3 O-O 9. e3 Ne4 10. Bd3 f5 11. Ne5 Qg5 12. O-O Kh8 13. f4 Qe7 14. g4 g6 15.
Bxe4 dxe4 16. Qf2 Nd7 17. Qg3 Nxe5 18. fxe5 Be6 19. gxf5 Rxf5 20. Rxf5 Bxf5 21.
Rf1 Qe6 22. Rf4 Rc8 23. b4 b6 24. h4 Qe7 25. a3 a5 26. h5 axb4 27. axb4 Qxb4 28.
hxg6 Bxg6 29. Qf2 Kg7 30. Ne2 Qe7 31. Rf6 c5 32. Nf4 Rd8 33. Ne6+ Kg8 34. Nxd8
Qxd8 35. Qf4 c4 36. Rd6 Qc8 37. e6 Qe8 38. Qf6 c3 39. Rd8 c2 40. Rxe8+ Bxe8 41.
Qf1 Bb5 42. e7 1-0

[Event "54. Miedzynarodowy Festiwal Szachowy im. Akiby Rubinsteina<br/>OPEN A "]
[Site "Polanica-Zdroj"]
[Date "1899-12-30"]
[Round "6.40"]
[White "Lemanski, Piotr"]
[Black "Jankowski, Aleksander"]
[Result "1-0"]
[WhiteTitle "II"]
[BlackTitle "I"]
[WhiteElo "1838"]
[BlackElo "1728"]

1. e4 e6 2. d4 d5 3. exd5 exd5 4. c4 Nf6 5. Nf3 Be7 6. Nc3 O-O 7. Qb3 Nbd7 8. c5
c6 9. Bd3 Re8 10. O-O Nf8 11. Bf4 Nh5 12. Be5 f6 13. Bg3 Nxg3 14. fxg3 b6 15.
cxb6 Qxb6 16. Qc2 Ba6 17. Bxa6 Qxa6 18. Nh4 Qb6 19. Rad1 Ne6 20. Ne2 Rac8 21.
Kh1 Ng5 22. Nf5 Bf8 23. Nc3 Ne4 24. Rf2 g6 25. Nxe4 dxe4 26. Ne3 f5 27. Nc4 Qb5
28. g4 Qb8 29. Ne5 Bd6 30. Qc4+ Kh8 31. Nf7+ Kg7 32. Rff1 Rf8 33. Ng5 Rf6 34.
gxf5 gxf5 35. Nxe4 fxe4 36. Rxf6 Kxf6 37. Rf1+ Ke7 38. Rf7+ Kd8 39. Qe6 Qc7 40.
Rxc7 Bxc7 41. Qxe4 Bd6 42. Qxh7 c5 43. d5 Rc7 44. Qg6 Rd7 45. g4 Kc7 46. h4 1-0

[Event "54. Miedzynarodowy Festiwal Szachowy im. Akiby Rubinsteina<br/>OPEN A "]
[Site "Polanica-Zdroj"]
[Date "1899-12-30"]
[Round "6.41"]
[White "Kruczynski, Marek"]
[Black "Pawicka, Magdalena"]
[Result "0-1"]
[WhiteTitle "I"]
[BlackTitle "I"]
[WhiteElo "1786"]
[BlackElo "1647"]

1. e4 e5 2. Bc4 Nf6 3. Nc3 Nxe4 4. Qh5 Nd6 5. Bb3 Be7 6. Qxe5 O-O 7. Nge2 Nc6 8.
Qh5 b6 9. a3 Bb7 10. O-O Bf6 11. d3 Nd4 12. Nxd4 Bxd4 13. Bg5 Bf6 14. Bf4 g6 15.
Qg4 Nf5 16. Nd5 Bxd5 17. Bxd5 c6 18. Be4 Nd4 19. c3 Ne6 20. Bd6 Be7 21. Bxe7 Qxe7
22. Qe2 Ng5 23. f4 Nxe4 24. Qxe4 Rfe8 25. Qxe7 Rxe7 26. Rfe1 Rae8 27. Kf2 Kg7
28. Rxe7 Rxe7 29. Re1 Rxe1 30. Kxe1 Kf6 31. Kf2 Kf5 32. Kf3 d5 33. g4+ Ke6 34.
d4 h6 35. b3 f5 36. h4 fxg4+ 37. Kxg4 Kf6 38. a4 Ke6 39. Kg3 Kf5 40. Kf3 a6 41.
Kg3 a5 42. b4 Ke6 43. Kg4 Kf6 44. Kh3 Kf5 45. Kg3 Ke4 46. Kg4 axb4 47. cxb4 Kxd4
48. h5 gxh5+ 49. Kxh5 Ke4 50. a5 bxa5 51. bxa5 d4 52. a6 d3 53. a7 d2 54. a8=Q
d1=Q+ 55. Kxh6 Qd6+ 56. Kg7 Kxf4 57. Qa4+ Ke5 58. Qa5+ c5 59. Qe1+ Kd5 60. Qh1+
Kc4 61. Qc1+ Kb5 62. Qb2+ Kc6 63. Qc2 Qd4+ 64. Kg6 c4 65. Qa4+ Kd5 66. Qd7+ Ke4
67. Qg4+ Kd3 68. Qd1+ Kc3 69. Qa1+ Kd3 70. Qd1+ Ke3 71. Qg1+ Ke4 72. Qg4+ Kd5
73. Qd7+ Kc5 74. Qa7+ Kd5 75. Qd7+ Ke5 76. Qe7+ Kf4 77. Qh4+ Ke3 78. Qe1+ Kf3
79. Qf1+ Kg4 80. Qg2+ Kf4 81. Qf1+ Ke5 82. Qf6+ Kd5 83. Qd8+ Kc5 84. Qa5+ Kc6
85. Qa6+ Kc7 86. Kf5 Qd5+ 87. Kg4 c3 88. Qa7+ Kd6 89. Qb6+ Ke5 90. Qc7+ Kd4 91.
Qa7+ Kd3 0-1

[Event "54. Miedzynarodowy Festiwal Szachowy im. Akiby Rubinsteina<br/>OPEN A "]
[Site "Polanica-Zdroj"]
[Date "1899-12-30"]
[Round "6.42"]
[White "Kejna, Piotr"]
[Black "Czarniecka, Aleksandra"]
[Result "1-0"]
[WhiteTitle "CM"]
[BlackTitle "k"]
[WhiteElo "1655"]
[BlackElo "1980"]

1. e4 c5 2. Nf3 d6 3. d4 cxd4 4. Nxd4 Nf6 5. Nc3 a6 6. Bg5 e6 7. f4 Qb6 8. Qd2
Nc6 9. Bxf6 gxf6 10. Nb3 Qc7 11. O-O-O b5 12. a3 Rb8 13. Be2 h5 14. Kb1 Bd7 15.
Rhf1 b4 16. axb4 Nxb4 17. e5 fxe5 18. fxe5 dxe5 19. Qg5 Ba4 20. Bxh5 Rxh5 21.
Qxh5 Bxb3 22. cxb3 e4 23. Nxe4 Qc2+ 24. Ka1 Rb7 25. Nf6+ Ke7 26. Qf3 Qc8 27. Qg3
Qc5 28. Ng8+ Ke8 29. Qb8+ 1-0

[Event "54. Miedzynarodowy Festiwal Szachowy im. Akiby Rubinsteina<br/>OPEN A "]
[Site "Polanica-Zdroj"]
[Date "1899-12-30"]
[Round "6.43"]
[White "Galant, Ireneusz"]
[Black "Lukasik, Zuzanna"]
[Result "1/2-1/2"]
[WhiteTitle "I"]
[BlackTitle "I++"]
[WhiteElo "1768"]
[BlackElo "1517"]

1. b3 d5 2. Bb2 b6 3. g3 Bb7 4. Bg2 Nc6 5. Nf3 e6 6. O-O Nf6 7. d3 g6 8. Nbd2 Bg7
9. Re1 O-O 10. Ne5 Qd6 11. Nxc6 Bxc6 12. a4 Qd7 13. Nf3 Bb7 14. Ne5 Qc8 15. Ra2
a5 16. Qa1 c5 17. Nd7 Qxd7 18. Bxf6 Bxf6 19. Qxf6 Rac8 20. Raa1 Rfe8 21. h4 Qe7
22. Qf4 d4 23. f3 e5 24. Qh6 Qf8 25. Qd2 Qd6 26. Kf2 Qf6 27. Qg5 Kg7 28. Rh1 h6
29. Qxf6+ Kxf6 30. g4 Kg7 31. Rag1 Rc7 32. Bh3 Rce7 33. Re1 Bc6 34. Ra1 Bd7 35.
e4 Rh8 36. g5 h5 37. Bxd7 Rxd7 38. Kg3 Rf8 39. f4 exf4+ 40. Kxf4 f6 41. gxf6+
Rxf6+ 42. Ke5 Rdf7 43. Rh2 Re7+ 44. Kd5 Rd7+ 45. Kc4 Re7 46. Re1 Re5 47. Rg1 Ree6
48. Rg5 Rf4 49. e5 Re8 50. Kd5 Kf7 51. Rgg2 Rf5 52. Re2 Re6 53. Rhg2 Re7 54. Rg3
Re6 55. Rg5 Rf4 56. Reg2 Rf3 57. Ke4 Re3+ 58. Kf4 Rh3 59. Rf2 Ke7 60. Ke4 Rxh4+
61. Kd5 Rh1 62. Rfg2 Re1 63. Rf2 Re3 64. Rh2 Rf3 65. Rhg2 Re3 66. Rf2 Re1 67.
Rfg2 Re3 68. Rf2 Re1 69. Rh2 Rf1 70. Rgg2 Rf5 71. Re2 Kf7 72. Rhg2 Ke7 73. Rgf2
Rg5 74. Rf4 Rd6+ 75. Kc4 Re6 76. Kd5 Rd6+ 77. Kc4 Re6 1/2-1/2

[Event "54. Miedzynarodowy Festiwal Szachowy im. Akiby Rubinsteina<br/>OPEN A "]
[Site "Polanica-Zdroj"]
[Date "1899-12-30"]
[Round "7.1"]
[White "Lewtak, Damian"]
[Black "Sabuk, Piotr"]
[Result "1-0"]
[WhiteTitle "m"]
[BlackTitle "IM"]
[WhiteElo "2369"]
[BlackElo "2377"]

1. d4 Nf6 2. Bf4 d5 3. e3 c5 4. c3 Nc6 5. Nd2 cxd4 6. exd4 Bf5 7. Qb3 Qc8 8. Ngf3
e6 9. Nh4 Be4 10. Nxe4 dxe4 11. g3 Be7 12. Ng2 O-O 13. Be2 Nd5 14. Bd2 Qd7 15.
Ne3 Bg5 16. h4 Bh6 17. g4 Bf4 18. Qc2 f5 19. gxf5 exf5 20. Nxd5 Bxd2+ 21. Kxd2
Qxd5 22. Qb3 Qxb3 23. axb3 Rae8 24. b4 a6 25. f4 exf3 26. Bxf3 Kf7 27. Bxc6 bxc6
28. Rxa6 Re6 29. Ra7+ Kf6 30. Rg1 Rf7 31. Rxf7+ Kxf7 32. Kd3 Kf6 33. d5 cxd5 34.
Kd4 Re2 35. Rb1 Ke6 36. Kc5 f4 37. b5 f3 38. Rf1 f2 39. b4 d4 40. Kxd4 Kd6 41.
c4 Rb2 42. c5+ Kd7 43. Kc4 g6 44. Rd1+ Kc8 45. b6 1-0

[Event "54. Miedzynarodowy Festiwal Szachowy im. Akiby Rubinsteina<br/>OPEN A "]
[Site "Polanica-Zdroj"]
[Date "1899-12-30"]
[Round "7.3"]
[White "Cherepov, Alexej"]
[Black "Frolov, Artur"]
[Result "1/2-1/2"]
[WhiteTitle "k"]
[BlackTitle "IM"]
[WhiteElo "2245"]
[BlackElo "2420"]

1. d4 Nf6 2. c4 g6 3. Nc3 Bg7 4. Nf3 O-O 5. Bf4 d6 6. h3 c6 7. e3 a6 8. Be2 b5
9. a3 bxc4 10. Bxc4 a5 11. O-O Ba6 12. Qe2 Qb6 13. Rab1 c5 14. dxc5 Qxc5 15. Bxa6
Nxa6 16. Rfc1 Rfc8 17. e4 Qc4 18. Kf1 Qxe2+ 19. Kxe2 Nc5 20. Nd2 a4 21. Be3 Nfd7
22. f3 Kf8 23. Nd5 e6 24. Nb4 Ke7 25. Bg5+ Bf6 26. Bxf6+ Nxf6 27. Rc3 Nfd7 28.
Rbc1 Rc7 29. Ke3 g5 30. g3 h5 31. R1c2 h4 32. gxh4 gxh4 33. Nd3 Rb7 34. e5 Nxd3
35. exd6+ Kxd6 36. Rxd3+ Ke7 37. Rd4 Nf6 38. Rxh4 Nd5+ 39. Ke2 e5 40. Rhc4 Rd7
41. Kf2 Nf4 42. Rc7 Rg8 43. Rxd7+ Kxd7 44. Rc3 Nxh3+ 45. Ke1 Rg1+ 46. Nf1 Nf4
47. b3 axb3 48. Rxb3 Rg2 49. Rb7+ Ke6 50. Rb6+ Ke7 51. Rb7+ Kf6 52. Nd2 Rg1+ 53.
Nf1 Rg2 54. Nd2 Ke6 55. a4 f5 56. a5 e4 57. fxe4 fxe4 58. Nxe4 Re2+ 59. Kd1 Rxe4
60. Kc2 Ra4 61. a6 Rxa6 62. Kc3 Ra4 63. Kb3 Ra1 64. Kb2 Rf1 65. Kc3 Nd5+ 66. Kd4
Kd6 67. Rb8 Rf4+ 68. Kd3 Nb4+ 69. Ke3 Rh4 70. Rd8+ Kc5 71. Rc8+ Nc6 72. Rg8 Kd5
73. Ra8 Re4+ 74. Kd2 Kc4 75. Rc8 Kd5 76. Rh8 Kd4 77. Rc8 Nb4 78. Rd8+ Nd5 79.
Kc2 Re2+ 80. Kd1 Ra2 81. Ke1 Ke4 82. Re8+ Kf3 83. Rf8+ Ke3 84. Re8+ Kd3 85. Rd8
Kd4 86. Kd1 Ke4 87. Re8+ Kd3 88. Ke1 Nc3 89. Rd8+ Ke3 90. Re8+ Ne4 91. Kd1 Rh2
92. Kc1 Kd4 93. Rd8+ Kc4 94. Rc8+ Nc5 95. Kd1 Kd4 96. Rd8+ Ke3 97. Re8+ Ne4 98.
Kc1 Rh6 99. Kc2 Rb6 100. Re7 Rc6+ 101. Kb2 Kd3 102. Rd7+ Nd6 103. Rh7 Rb6+ 104.
Ka3 Nf5 105. Ka4 Nd4 106. Ka5 Rc6 107. Kb4 Rc4+ 108. Ka5 Rc5+ 109. Kb6 Rc6+ 110.
Kb7 Rf6 111. Rh3+ Kc4 1/2-1/2

[Event "54. Miedzynarodowy Festiwal Szachowy im. Akiby Rubinsteina<br/>OPEN A "]
[Site "Polanica-Zdroj"]
[Date "1899-12-30"]
[Round "7.4"]
[White "Luberanski, Jakub"]
[Black "Djuric, Stefan"]
[Result "1/2-1/2"]
[WhiteTitle "I"]
[BlackTitle "GM"]
[WhiteElo "1763"]
[BlackElo "2352"]

1. e4 c6 2. d4 d5 3. Nc3 dxe4 4. Nxe4 Nd7 5. Ng5 Ngf6 6. Bd3 e6 7. N1f3 Bd6 8.
Qe2 O-O 9. Nxe6 Bb4+ 10. c3 Bxc3+ 11. bxc3 fxe6 12. Qxe6+ Kh8 13. O-O Nc5 14.
Qe2 Nxd3 15. Qxd3 Qd5 16. Ne5 c5 17. Ba3 Re8 18. Qf3 Qxf3 19. Nxf3 cxd4 20. cxd4
Be6 21. Bd6 Bd5 22. a3 Ne4 23. Be5 Nc3 24. Rfe1 Rac8 25. h3 Kg8 26. Kh2 b5 27.
Nh4 Rf8 28. f4 a5 29. Re3 Rc6 30. Rg3 g6 31. Re1 Ne4 32. Rge3 Nd2 33. Rg3 Ne4
34. Rge3 Nd2 35. Rg3 Ne4 36. Rge3 Nd2 37. Rg3 1/2-1/2

[Event "54. Miedzynarodowy Festiwal Szachowy im. Akiby Rubinsteina<br/>OPEN A "]
[Site "Polanica-Zdroj"]
[Date "1899-12-30"]
[Round "7.5"]
[White "Psyk, Radoslaw"]
[Black "Lapaj, Mateusz"]
[Result "1-0"]
[WhiteTitle "k++"]
[BlackTitle "k+"]
[WhiteElo "2304"]
[BlackElo "2198"]

1. e4 c5 2. Nf3 Nc6 3. Bb5 g6 4. Bxc6 dxc6 5. d3 Bg7 6. h3 Nf6 7. Nc3 b6 8. O-O
O-O 9. Be3 e5 10. Qd2 Nd7 11. Bh6 Qe7 12. Nh2 f6 13. Ne2 Ba6 14. Bxg7 Qxg7 15.
Qc3 Kh8 16. f4 Rae8 17. Qa3 Bc8 18. Qxa7 f5 19. fxe5 Qxe5 20. Nc3 fxe4 21. dxe4
b5 22. Nf3 Qf4 23. a3 Kg8 24. Rad1 Rf7 25. Kh1 Ne5 26. Qxc5 Bxh3 27. Nh2 Bxg2+
28. Kxg2 Qg5+ 29. Kh1 Ref8 30. Rxf7 Rxf7 31. Rg1 Qh5 32. Ne2 Rd7 33. Nf4 1-0

[Event "54. Miedzynarodowy Festiwal Szachowy im. Akiby Rubinsteina<br/>OPEN A "]
[Site "Polanica-Zdroj"]
[Date "1899-12-30"]
[Round "7.6"]
[White "Jaskolka, Tomasz"]
[Black "Stachowiak, Kamil"]
[Result "1/2-1/2"]
[WhiteTitle "k+"]
[BlackTitle "IM"]
[WhiteElo "2165"]
[BlackElo "2447"]

1. d4 Nf6 2. c4 c5 3. d5 b5 4. cxb5 a6 5. Nc3 axb5 6. e4 b4 7. Nb5 d6 8. Bc4 Nbd7
9. Nf3 Nb6 10. Bd3 g6 11. b3 Bg7 12. Bb2 O-O 13. O-O Bd7 14. Re1 Qb8 15. a4 bxa3
16. Nxa3 Bg4 17. h3 Bxf3 18. Qxf3 Na4 19. Bxf6 Bxf6 20. bxa4 Bxa1 21. Rxa1 Qb2
22. Qd1 Rxa4 23. Qxa4 Qxa1+ 24. Bf1 Rb8 25. Qa6 c4 26. e5 c3 27. exd6 exd6 28.
Qxd6 Rb2 29. Qc5 Rd2 30. Nb1 c2 31. Nxd2 c1=Q 32. Qxc1 Qxc1 33. Nc4 Qd1 34. Ne3
Qd4 35. g3 f5 36. Bg2 Kf7 37. Bf3 Kf6 38. Kg2 h5 39. Nf1 Ke5 40. Nh2 Qc5 41. Nf1
Qd6 42. Ne3 Kd4 43. Bxh5 Kd3 44. Bf3 Qc7 45. Nf1 Qc5 46. Kg1 Qd6 1/2-1/2

[Event "54. Miedzynarodowy Festiwal Szachowy im. Akiby Rubinsteina<br/>OPEN A "]
[Site "Polanica-Zdroj"]
[Date "1899-12-30"]
[Round "7.8"]
[White "Klepek, Witold"]
[Black "Nowak, Kamil"]
[Result "1/2-1/2"]
[WhiteTitle "k+"]
[BlackTitle "m"]
[WhiteElo "2139"]
[BlackElo "2313"]

1. e4 e5 2. Nf3 Nc6 3. d4 exd4 4. Nxd4 Nf6 5. Nxc6 bxc6 6. e5 Qe7 7. Qe2 Nd5 8.
c4 Nb6 9. Nc3 Ba6 10. Qe4 Qe6 11. b3 Bb4 12. Bd2 Bxc3 13. Bxc3 d5 14. cxd5 cxd5
15. Qb4 Bxf1 16. Rxf1 Nd7 17. O-O-O c5 18. Qb7 Nb6 19. f4 O-O 20. f5 Qh6+ 21.
Kb1 Qxh2 22. f6 Qg3 23. fxg7 Qxg7 24. Rf6 Rad8 25. Rdf1 Qxg2 26. Qe7 Rd7 27. Qxc5
d4 28. Bb2 Rc8 29. Qa5 Nd5 30. Qe1 Rc2 31. R6f2 Rxf2 32. Rxf2 Qg6+ 33. Ka1 Ne3
34. e6 Qxe6 35. Qb4 Qb6 36. Qa4 Rd8 37. Rd2 a6 38. Bxd4 Rxd4 39. Qe8+ Kg7 40.
Qxe3 Rd6 41. Qc3+ Kg8 42. Qc8+ Kg7 43. Qc3+ Kg8 44. Qc8+ 1/2-1/2

[Event "54. Miedzynarodowy Festiwal Szachowy im. Akiby Rubinsteina<br/>OPEN A "]
[Site "Polanica-Zdroj"]
[Date "1899-12-30"]
[Round "7.11"]
[White "Sanz Wawer, Daniel"]
[Black "Mika, Tomasz"]
[Result "0-1"]
[WhiteTitle "k"]
[BlackTitle "I++"]
[WhiteElo "2180"]
[BlackElo "2120"]

1. e4 c5 2. Nc3 Nc6 3. g3 g6 4. Bg2 Bg7 5. d3 e5 6. Be3 d6 7. Qd2 Nge7 8. Bh6 O-O
9. h4 f6 10. Bxg7 Kxg7 11. h5 g5 12. h6+ Kh8 13. f4 gxf4 14. gxf4 Bg4 15. fxe5
dxe5 16. Bf3 Be6 17. Nge2 Nd4 18. Rf1 Rc8 19. Nxd4 cxd4 20. Ne2 Qb6 21. b3 Qc5
22. Rc1 Qa3 23. c4 dxc3 24. Rxc3 Nc6 25. Bh5 Rcd8 26. Qe3 Qxa2 27. Rxf6 Qa1+ 28.
Rc1 Qa5+ 29. Nc3 Nb4 30. Rxf8+ Rxf8 31. Qg5 Qc7 32. Kd2 Rf2+ 33. Be2 Nc6 34. Rg1
Nd4 35. Ke3 Rf4 36. Rg2 Nxb3 37. Bh5 Qb6+ 38. Ke2 Nd4+ 39. Ke1 Qc7 40. Kd2 b5
41. Ke3 b4 42. Na4 Qc1+ 43. Kxd4 0-1

[Event "54. Miedzynarodowy Festiwal Szachowy im. Akiby Rubinsteina<br/>OPEN A "]
[Site "Polanica-Zdroj"]
[Date "1899-12-30"]
[Round "7.12"]
[White "Budnik, Mateusz"]
[Black "Kumala, Aleksander"]
[Result "0-1"]
[WhiteTitle "I++"]
[BlackTitle "k"]
[WhiteElo "2003"]
[BlackElo "2238"]

1. e4 Nf6 2. Nc3 e5 3. Nf3 Nc6 4. d4 exd4 5. Nxd4 Nxe4 6. Nxe4 Qe7 7. f3 d5 8.
Nxc6 bxc6 9. Bd3 dxe4 10. fxe4 Qh4+ 11. g3 Qh3 12. Qf3 Bg4 13. Qf1 Qh5 14. Bd2
Bc5 15. Be2 O-O 16. Bxg4 Qxg4 17. Qf4 Qe6 18. Kd1 Rfd8 19. Kc1 Rab8 20. Rd1 Qc4
21. Qf3 Bd4 22. c3 Bc5 23. Kc2 Rxb2+ 24. Kxb2 Qb5+ 0-1

[Event "54. Miedzynarodowy Festiwal Szachowy im. Akiby Rubinsteina<br/>OPEN A "]
[Site "Polanica-Zdroj"]
[Date "1899-12-30"]
[Round "7.13"]
[White "Okrucinski, Tadeusz"]
[Black "Domanski, Lukasz"]
[Result "1-0"]
[WhiteTitle "FM"]
[BlackTitle "k"]
[WhiteElo "2182"]
[BlackElo "2094"]

1. d4 d6 2. Nf3 Nf6 3. c4 g6 4. g3 Bg7 5. Bg2 O-O 6. O-O Nbd7 7. Nc3 e5 8. e4 exd4
9. Nxd4 Re8 10. h3 a6 11. Be3 Rb8 12. Rc1 Ne5 13. b3 c5 14. Nde2 b5 15. Bg5 h6
16. Bxf6 Qxf6 17. f4 Nc6 18. e5 dxe5 19. fxe5 Qxe5 20. Bxc6 Rf8 21. Bg2 1-0

[Event "54. Miedzynarodowy Festiwal Szachowy im. Akiby Rubinsteina<br/>OPEN A "]
[Site "Polanica-Zdroj"]
[Date "1899-12-30"]
[Round "7.14"]
[White "Rosicki, Marcin"]
[Black "Zaleski, Lukasz"]
[Result "0-1"]
[WhiteTitle "I+"]
[BlackTitle "k"]
[WhiteElo "2002"]
[BlackElo "2164"]

1. e4 e6 2. Nf3 d5 3. Nc3 Nf6 4. e5 Nfd7 5. d4 c5 6. dxc5 Nc6 7. Bg5 Be7 8. Bxe7
Qxe7 9. Bb5 Qxc5 10. O-O O-O 11. Qe2 a6 12. Bxc6 bxc6 13. Rfd1 a5 14. Nd4 a4 15.
a3 Nb6 16. Na2 Nc4 17. Nb4 Bb7 18. b3 Nxa3 19. Rxa3 Qxb4 20. Rxa4 Rxa4 21. bxa4
Qxa4 22. Nb3 Ba6 23. Qe3 Qc4 24. Qc5 Qe2 25. Ra1 Qxe5 26. Qxc6 Bc4 27. Qa4 Qc3
28. Rc1 Bxb3 29. Qxb3 Qxb3 30. cxb3 Rb8 31. Kf1 Kf8 32. Rb1 Ke7 33. Ke2 Kd6 34.
Kd3 e5 35. b4 Ra8 36. Rb2 Ra3+ 37. Kd2 d4 38. f3 f6 39. f4 e4 40. f5 Kd5 41. b5
Ra7 0-1